000 00782nam a2200181 a 4500
001 000041194
005 20201002034709.0
008 130925s1975 sp 000 0 spa d
020 _a8400042123
040 _aDO-SdBNP
_bspa
_cBNPHU
100 1 _aSobrequés i Callicó, Jaume.
_967766
245 1 0 _aCatálogo de la Cancilleria de Enrique IV de Castilla señor del principado de Cataluña :
_b(lugartenencia de Juan de Beaumont, 1462-1464) /
_cJaime Sobrequés Callicó.
260 _aBarcelona :
_bConsejo Superior de Investigaciones Científicas,
_c1975.
490 1 _aAnuario de estudios medievales.
_aanejo ;
_v7
504 _axi, 508 p. ;
_c25 cm.
710 2 _aConsejo Superior de Investigaciones Científicas
_94786
830 0 _aAnuario de estudios medievales.
_panejo ;
_v7
_964050
999 _c40684
_d40684